000 00737nam a2200265 i 4500
001 C2-0283171
003 PPAK
005 20180728013348.0
008 071113s2003 enka|||| ||||| | eng d
020 _a0746079362
040 _aPPAK
_beng
_cPPAK
_erda
082 0 4 _a428.6
_223
090 0 0 _a428.6
_bDIC
_dK
100 1 _aDickins, Rosie,
_eauthor
245 1 0 _aStories of ponies
264 1 _aLondon :
_bUsborne Publishing ,
_c2003
300 _a48 pages :
_bcolour illustrations ;
_c20 cm
336 _2rdacontent
_atext
337 _2rdamedia
_aunmediated
338 _2rdacarrier
_avolume
490 1 _aUsborne young reading series one
650 1 0 _aReaders.
830 0 _aUsborne young reading series one
942 _ddc
_cB
999 _c89352
_d89352